Представление документа в формате RUSMARC

ПолеНазваниеЗначение
  Тип записи c
  Библиографический уровень m
001 Контрольный номер RU/IS/BASE/670002549
005 Дата корректировки 20250520123842.7
010 Индекс ISBN __
9 Тираж 25000 экз.
013 Номер (ISMN) __
d Цена 44 к.
071 Издательские номер (звукозапись и ноты) 21
a Номер, присвоенный агентством 8924
100 Данные общей обработки __
a Данные общей обработки 20210325d1975 u y0rusy0189||||ca
101 Язык документа 0_
a Язык текста rus
f Язык титульного листа rus
102 Страна публикации __
a Страна публикации RU
105 Кодированные данные (монография) __
a Кодированные данные (монография) y###||||000|y
125 Кодированные данные звукозаписи и нотных изданий __
a Форма изложения нотного текста с|
128 Кодированные данные (звукозаписи-физические характеристики) __
a Кодированные данные: Музыкальная форма и тональность или лад ccn
c Инструменты или голоса, рекомендуемые для солистов (устаревшее) kt||
200 Заглавие и сведения об ответственности 1_
a Заглавие Песня вечной молодости
b Общее обозначение материала Ноты
e Сведения, относящиеся к заглавию для баяна [с надпис. текстом]
f Первые сведения об ответственности сост. Л. Останкова
210 Выходные данные 1_
a Место издания Москва
c Издательство Музыка
d Дата издания 1975
215 Физическое описание __
a Объем 72 с.
d Формат 21 см
225 Серия 0_
a Серия Популярные песни в сопровождении баяна
v Обозначение тома вып. 102
327 Примечание о содержании 11
a Примечание о содержании Содерж. : Фельцман О. БАМ (Байкало-Амурская магистраль) / сл. Р. Рождественского ; Завтра : из спектакля "Молодая гвардия") / сл. Р. Рождественского. - Гурьев Ю. Песня вечной молодости / сл. В. Семернина. - Бюль-Бюль оглы П. Юность / сл. Н. Добронравова. - Фомичев Г. Юность не бросает якорей / сл. Б. Шаховского. - Лядова Л. Со мною молодость / сл. Р. Сосновской. - Соркин Э., Дымов О. Песня строителей ; Я еду на БАМ / сл. Л. Кропоткина. - Новиков А. Ты пробей свою тропинку / сл. Л. Ошанина. - Аедоницкий П. Картошка / сл. И. Шаферана. - Бабаджанян А. Приезжай на Самотлор / сл. Р. Рождественского. - Ханок Э. Есть на Волге город / сл. С. Острового. - Струненко В. Паруса Крузенштерна / сл. А. Городницкого. - Магомаев М. Приходят рассветы / сл. Р. Рождественского. - Бинкин З. А нам по двадцать лет / сл. В. Петрова. - Пахмутова А. И вновь продолжается бой / сл. Н. Добронравова. - Фиготин Б. Полный вперед! / сл. Е. Черных.
464 Аналитический уровень _0
1 2001
a БАМ (Байкало-Амурская магистраль)
e Солнце в небе светит мудро...
1 700 1
a Фельцман
b О.
1 702 1
a Рождественский
b Р.
4 520
1 50010
a Байкало-Амурская магистраль
464 Аналитический уровень _0
1 2001
a Песня вечной молодости
e Наша молодость, ты быстротечно...
1 700 1
a Гурьев
b Ю.
1 702 1
a Семернин
b В.
4 520
464 Аналитический уровень _0
1 2001
a Юность
e С отвоеванных снежных высот...
1 700 1
a Бюль-Бюль оглы
e П.
1 700 1
a Добронравов
b Н.
4 520
464 Аналитический уровень _0
1 2001
a Юность не бросает якорей
e Шли солдаты на фронт...
1 700 1
a Фомичев
b Г.
1 702 1
a Шаховской
b Б.
4 520
464 Аналитический уровень _0
1 2001
a Со мною молодость
e Я юность отдала Отчизне...
1 700 1
a Лядова
b Л.
1 702 1
a Сосновская
b Р.
4 520
464 Аналитический уровень _0
1 2001
a Песня строителей
e Где глухая тайга...
1 700 1
a Соркин
b Э.
1 702 1
a Дымов
b О.
1 702 1
a Кропоткин
b Л.
4 520
464 Аналитический уровень _0
1 2001
a Ты пробей свою тропинку
e Архимед и Ломоносов - соль земли!..
1 700 1
a Новиков
b А.
1 702 1
a Ошанин
b Л.
4 520
464 Аналитический уровень _0
1 2001
a Картошка
e Недолгое дело...
1 700 1
a Аедоницкий
b П.
1 702 1
a Шаферан
b И.
4 520
464 Аналитический уровень _0
1 2001
a Приезжай на Самотлор
e Я живу, считай, почти у моря...
1 700 1
a Бабаджанян
b А.
1 702 1
a Рождественский
b Р.
4 520
464 Аналитический уровень _0
1 2001
a Есть на Волге город
e Есть на Волге город, молодой да ранний...
1 700 1
a Ханок
b Э.
1 702 1
a Островой
b С.
4 520
464 Аналитический уровень _0
1 2001
a Паруса Крузенштерна
e Расправлены вымпелы гордо...
1 700 1
a Струненко
b В.
1 702 1
a Городницкий
b А.
4 520
464 Аналитический уровень _0
1 2001
a Приходят рассветы
e На смену закатам...
1 700 1
a Магомаев
b М.
1 702 1
a Рождественский
b Р.
4 520
464 Аналитический уровень _0
1 2001
a А нам по двадцать лет
e Ветра взахлест, болот оскал...
1 700 1
a Бинкин
b З.
1 702 1
a Петров
b В.
4 520
464 Аналитический уровень _0
1 2001
a И вновь продолжается бой
e Неба утреннего стяг...
1 700 1
a Пахмутова
b А.
1 702 1
a Добронравов
b Н.
4 520
464 Аналитический уровень _0
1 2001
a Полный вперед!
e К мальчишкам приходит Жюль Верн - капитан...
1 700 1
a Фиготин
b Б.
1 702 1
a Черных
b Е.
4 520
464 Аналитический уровень _0
1 2001
a Завтра
e Снова над полем закат распростерт...
e из спектакля "Молодая гвардия"
1 700 1
a Фельцман
b О.
1 702 1
a Рождественский
b Р.
4 520
1 50010
a Молодая гвардия
464 Аналитический уровень _0
1 2001
a Я еду на БАМ
e Прощайте, неразлучные ребята...
1 700 1
a Соркин
b Э.
1 702 1
a Дымов
b О.
1 702 1
a Кропоткин
b Л.
4 520
512 Заглавие обложки 1_
a Заглавие обложки Песня вечной молодости
606 Тематические рубрики 0_
a Основная рубрика Баян
x Основная подрубрика Лирические песни
610 Ключевые слова 0_
a Ключевые слова песни советских композиторов
610 Ключевые слова 0_
a Ключевые слова баян
686 Индексы других классификаций __
a Классификационный индекс 85.954.6-094(2)я43
2 Код системы rubbk
702 Вторичная интеллектуальная ответственность _0
a Фамилия Останкова
b Имя (инициалы) Л.
4 Код отношения 220
801 Источник записи _0
a Страна RU
b Организация Ульяновская ОНБ
c Дата составления 20210325
g Правила каталогизации RCR
801 Источник записи _1
a Страна RU
b Организация Ульяновская ОНБ
c Дата составления 20210325
g Правила каталогизации RCR
901 Тип документа __
t Тип документа m
909 Создатель записи __
a Создатель записи Никитина Т. А.
938 Служебная информация __
a Имя БД noti
b Имя библиотеки УОНБ
c Имя АИБС МАРК-SQL
d Номер DOC_ID в БД 23673